[Event "Haustmot TR A flokkur"]
[Site "Reykjavik Chess Club, Faxafen 12, 105 Reykjavik"]
[Date "2016.10.12"]
[Round "7.1"]
[White "Ragnarsson, Dagur"]
[Black "Olafsson, Thorvardur"]
[Result "1-0"]
[WhiteElo "2272"]
[BlackElo "2184"]

1.e4 c5 2.Nf3 d6 3.d4 cxd4 4.Nxd4 Nf6 5.Nc3 a6 6.g3 e5 7.Nde2 Be7 8.Bg2 O-O
9.O-O Be6 10.a4 Qc7 11.h3 Nbd7 12.Bg5 Rfc8 13.Qd2 b6 14.Rfc1 Rab8 15.Nd1 b5
16.axb5 axb5 17.Bxf6 Nxf6 18.Ne3 Qc5 19.Ra6 Rb6 20.Ra5 Qc6 21.Nc3 b4 22.Ncd5
Bxd5 23.exd5 Qd7 24.Rca1 Bd8 25.Ra6 Rcb8 26.b3 g6 27.Nc4 Rxa6 28.Rxa6 Ne8
29.Bf1 f5 30.Qe3 Qe7 31.Ra4 Qd7 32.Be2 Qe7 33.g4 f4 34.Qd2 Qb7 35.Bf3 Bf6
36.Na5 Qb6 37.Nc6 Rc8 38.Qxb4 Qxb4 39.Rxb4 Ra8 40.Ra4 Nc7 41.Rxa8+ Nxa8 42.c4
Kf7 43.b4 Ke8 44.c5 Kd7 45.Na7 Be7 46.c6+ Kc7 47.Nb5+ Kb6 48.Nc3 Nc7 49.Be2 e4
50.Bc4 e3 51.fxe3 fxe3 52.Kf1 Bf6 53.Ne4 Be5 54.Ke2 {#r} 1-0

[Event "Haustmot TR A flokkur"]
[Site "Reykjavik Chess Club, Faxafen 12, 105 Reykjavik"]
[Date "2016.10.12"]
[Round "7.2"]
[White "Sigurdsson, Birkir Karl"]
[Black "Stefansson, Vignir Vatnar"]
[Result "0-1"]
[WhiteElo "1900"]
[BlackElo "2129"]

1.d4 b6 2.c4 Bb7 3.Nc3 e6 4.e4 Bb4 5.d5 exd5 6.cxd5 Nf6 7.Bd3 Qe7 8.Qe2 c6
9.dxc6 Bxc6 10.f3 d5 11.exd5 Nxd5 12.Bd2 Nxc3 13.Bxc3 Bxc3+ 14.bxc3 Nd7 15.Nh3
Qxe2+ 16.Bxe2 O-O 17.O-O Rfe8 18.Bc4 Re3 19.Bb3 Rxc3 20.Ng5 Rf8 21.Rac1 Rxc1
22.Rxc1 Nc5 23.Bxf7+ Rxf7 24.Nxf7 Kxf7 25.Rd1 Ke6 26.Kf2 Bd5 27.a3 b5 28.Ke3
a5 29.Rb1 Bc4 30.Kd4 Kd6 31.f4 Ne6+ 32.Ke4 Bd5+ 33.Ke3 Kc5 34.f5 Nd4 35.Rc1+
Bc4 36.Ke4 b4 37.axb4+ axb4 38.g4 Ne2 39.Ra1 Nc3+ 40.Ke5 b3 41.g5 b2 42.Rg1
Ba2 43.h4 Ne2 44.Re1 Nc1 {#R} 0-1

[Event "Haustmot TR A flokkur"]
[Site "Reykjavik Chess Club, Faxafen 12, 105 Reykjavik"]
[Date "2016.10.12"]
[Round "7.3"]
[White "Viglundsson, Bjorgvin"]
[Black "Loftsson, Hrafn"]
[Result "1/2-1/2"]
[WhiteElo "2185"]
[BlackElo "2192"]

1.d4 d5 2.c4 e6 3.Nf3 c6 4.Qc2 dxc4 5.Qxc4 b5 6.Qc2 Bb7 7.e3 Nd7 8.Bd3 Ngf6
9.O-O Rc8 10.Qe2 a6 11.Rd1 Qb6 12.a4 Nd5 13.Nc3 Nb4 14.Bb1 Be7 15.e4 O-O
16.Be3 Qc7 17.e5 c5 18.axb5 cxd4 19.Bxd4 Qc4 20.Qxc4 Rxc4 21.bxa6 Bxa6 22.Be3
Rc7 23.Ra5 Rb8 24.Nd4 Bd8 25.f4 Bc4 26.Ra1 Nd5 27.Bc1 Nxc3 28.bxc3 Bd5 29.Bd2
Be7 30.Ba2 Bxa2 31.Rxa2 Bc5 32.Be3 Nb6 33.Rb1 Rbc8 34.Kf2 Nd5 35.Bd2 Bxd4+
36.cxd4 h5 37.Ke2 g6 38.Rb3 Kg7 39.Kd3 Kh7 40.Rab2 Kg7 41.Rb8 Rxb8 42.Rxb8 Ra7
43.Rb3 Ra1 44.Ke2 {#d} 1/2-1/2

[Event "Haustmot TR A flokkur"]
[Site "Reykjavik Chess Club, Faxafen 12, 105 Reykjavik"]
[Date "2016.10.12"]
[Round "7.4"]
[White "Hardarson, Jon Trausti"]
[Black "Jonsson, Gauti Pall"]
[Result "1-0"]
[WhiteElo "2100"]
[BlackElo "2082"]

1.d4 Nf6 2.c4 e6 3.Nc3 Bb4 4.Qc2 Nc6 5.Nf3 O-O 6.Bg5 d6 7.e3 e5 8.d5 Nb8 9.Be2
h6 10.Bh4 a5 11.Nd2 Nbd7 12.O-O Bxc3 13.Qxc3 c6 14.Qa3 c5 15.f4 exf4 16.exf4
b5 17.cxb5 Nb6 18.Bf3 Bb7 19.Rad1 Bxd5 20.Bxd5 Nbxd5 21.Ne4 Qb6 22.Bxf6 Nxf6
23.Rxd6 Qxb5 24.Nxf6+ gxf6 25.Qg3+ Kh7 26.Rxf6 Ra6 27.Rxa6 Qxa6 28.Rd1 Re8
29.h3 Re2 30.Rd7 Qg6 31.Rxf7+ Qxf7 32.Qd3+ Kg8 33.Qxe2 Qxa2 34.Qg4+ Kh8
35.Qc8+ Kh7 36.Qf5+ Kh8 37.Qe5+ Kg8 38.f5 Kf7 39.f6 Qe6 40.Qh5+ Kg8 41.Qg6+
Kf8 42.Qxh6+ Ke8 43.f7+ Qxf7 44.Qc6+ Kf8 45.Qxc5+ Kg8 46.Qxa5 Qe6 47.Qc3 Qb6+
48.Kh1 Qf2 49.b4 Kh7 50.Qd3+ Kh6 51.Qd6+ Kh7 52.Kh2 Qf5 53.Qc5 Qf4+ 54.Kg1 Qe4
55.b5 Qb7 56.b6 Qa6 57.Qc7+ {#r} 1-0

[Event "Haustmot TR A flokkur"]
[Site "Reykjavik Chess Club, Faxafen 12, 105 Reykjavik"]
[Date "2016.10.12"]
[Round "7.5"]
[White "Johannesson, Oliver"]
[Black "Johannesson, Ingvar Thor"]
[Result "1/2-1/2"]
[WhiteElo "2255"]
[BlackElo "2367"]

1.d4 e6 2.c4 Bb4+ 3.Bd2 a5 4.Nf3 Nf6 5.g3 d6 6.Bg2 Nbd7 7.O-O e5 8.Nc3 exd4
9.Nxd4 O-O 10.Rc1 c6 11.Qc2 Nb6 12.Bg5 h6 13.Bxf6 Qxf6 14.Rfd1 Qe5 15.Ne4 Bc5
16.Nb3 Bf5 17.Nbxc5 dxc5 18.Qc3 Qxc3 19.Rxc3 Bxe4 20.Bxe4 a4 21.Kf1 Rfd8
22.Rxd8+ Rxd8 23.Ke1 Kf8 24.e3 Ke7 25.Ke2 Rd7 26.g4 Kd8 27.h4 Re7 28.Bf5 g6
29.Bc2 Kc7 30.f4 Rd7 31.Bd3 Rd6 32.Rc1 Nd7 33.Rg1 Nf8 34.Rh1 Ne6 35.f5 Nf8
36.fxg6 Nxg6 37.Bxg6 Rxg6 38.Kf3 Rf6+ 39.Ke4 Re6+ 40.Kf5 Rxe3 41.g5 h5 42.Kf6
Rf3+ 43.Kg7 Kd6 44.Kh6 Rf2 45.Kxh5 Ke7 46.Rb1 Rf4 47.b3 a3 48.Re1+ Kf8 49.Re2
Rd4 50.Rf2 Kg7 51.Rg2 Re4 52.Rd2 Rd4 53.Re2 Kf8 54.Rh2 Kg7 55.Re2 {#d} 1/2-1/2

[Event "Haustmot TR A flokkur"]
[Site "Reykjavik Chess Club, Faxafen 12, 105 Reykjavik"]
[Date "2016.10.14"]
[Round "8.1"]
[White "Olafsson, Thorvardur"]
[Black "Johannesson, Ingvar Thor"]
[Result "1/2-1/2"]
[WhiteElo "2184"]
[BlackElo "2367"]

1.e3 Nf6 2.Nf3 g6 3.b3 Bg7 4.Bb2 d6 5.Be2 O-O 6.O-O Nbd7 7.c4 e5 8.Nc3 Re8
9.Qc2 c6 10.Rfd1 Nf8 11.d3 h6 1/2-1/2

[Event "Haustmot TR A flokkur"]
[Site "Reykjavik Chess Club, Faxafen 12, 105 Reykjavik"]
[Date "2016.10.14"]
[Round "8.2"]
[White "Jonsson, Gauti Pall"]
[Black "Johannesson, Oliver"]
[Result "1-0"]
[WhiteElo "2082"]
[BlackElo "2255"]

1.e4 c5 2.Nf3 e6 3.d4 cxd4 4.Nxd4 Nc6 5.Nc3 Qc7 6.Be3 a6 7.Bd3 Nf6 8.O-O Ne5
9.h3 Bc5 10.Kh1 Ng6 11.f4 d6 12.Qe2 O-O 13.Nb3 Bxe3 14.Qxe3 b5 15.a4 b4 16.Ne2
Bb7 17.a5 d5 18.e5 Ne4 19.Ra4 Nh4 20.Bxe4 dxe4 21.Ned4 Qe7 22.Kh2 Rac8 23.Rf2
Rc4 24.c3 Bd5 25.Rxb4 Rxb4 26.cxb4 Qxb4 27.Rc2 Bxb3 28.Nxb3 Nf5 29.Qc3 Qb7
30.Nc5 Qa8 31.Nd7 Rd8 32.Qc7 e3 33.Nb6 Qb8 34.Qxb8 Rxb8 35.Kg1 Nd4 36.Rc4 Rd8
37.Na4 Nb3 38.Nc3 Nxa5 39.Ra4 Nc6 40.Rxa6 Nb4 41.Ra1 h6 42.Kf1 Rd2 43.Re1 Nd3
44.Rxe3 Nxf4 45.b4 Rd3 46.Rxd3 Nxd3 47.b5 Nxe5 48.b6 Nd7 49.b7 Kf8 50.Na4 Ke7
51.Nb6 Nb8 52.Nc8+ Kd7 53.Kf2 Kc7 54.Kf3 Nc6 55.Kf4 Kd7 56.g4 g6 57.Nb6+ Ke7
58.Nc8+ Kf6 59.Nd6 e5+ 60.Ke4 Ke6 61.Ne8 f5+ 62.gxf5+ gxf5+ 63.Ke3 Kf7 64.Nd6+
Kg6 65.h4 Nb8 66.Kf3 Kf6 67.Ke3 Ke6 68.Ne8 Nd7 69.Ng7+ Kf6 70.Ne8+ Kf7 71.Nd6+
Ke6 72.Ne8 Nb8 73.Ng7+ Kf6 74.Ne8+ Kf7 75.Nd6+ Ke6 76.Ne8 Na6 77.Nc7+ 1-0

[Event "Haustmot TR A flokkur"]
[Site "Reykjavik Chess Club, Faxafen 12, 105 Reykjavik"]
[Date "2016.10.14"]
[Round "8.3"]
[White "Loftsson, Hrafn"]
[Black "Hardarson, Jon Trausti"]
[Result "1/2-1/2"]
[WhiteElo "2192"]
[BlackElo "2100"]

1.Nf3 Nf6 2.c4 e6 3.g3 d5 4.Bg2 Be7 5.d4 O-O 6.O-O dxc4 7.Ne5 Nc6 8.Bxc6 bxc6
9.Nxc6 Qe8 10.Nxe7+ Qxe7 11.Qa4 c5 12.Qa3 Bb7 13.Qxc5 Qd7 14.f3 Rfc8 15.Qe5
Nd5 16.Nc3 f6 17.Qh5 Nb4 18.Rd1 Nc2 19.Rb1 Nxd4 20.e3 Bxf3 21.Rxd4 Qxd4
22.Qxf3 Qb6 23.Qf2 Rd8 24.e4 Qc6 25.Be3 Rd3 26.Re1 a5 27.Qc2 h5 28.Qa4 Qc7
29.Nb5 Qc6 30.Nc3 Qc7 31.Nb5 Qc6 32.Nc3 1/2-1/2

[Event "Haustmot TR A flokkur"]
[Site "Reykjavik Chess Club, Faxafen 12, 105 Reykjavik"]
[Date "2016.10.14"]
[Round "8.4"]
[White "Stefansson, Vignir Vatnar"]
[Black "Viglundsson, Bjorgvin"]
[Result "1/2-1/2"]
[WhiteElo "2129"]
[BlackElo "2185"]

1.d4 d5 2.e3 Nf6 3.Bd3 c5 4.c3 Qc7 5.f4 g6 6.Nf3 Bg7 7.O-O O-O 8.Ne5 Nbd7
9.Nd2 b6 10.Qf3 Bb7 11.Qh3 Nxe5 12.fxe5 Ne4 13.Bxe4 dxe4 14.Qh4 f6 15.exf6
exf6 16.Rb1 f5 17.b4 cxd4 18.cxd4 Bd5 19.Nb3 Qd7 20.Bd2 Rac8 21.Rfc1 h6 22.Qg3
Kh7 23.Rb2 Rxc1+ 24.Bxc1 Rc8 25.Bd2 Bf8 26.Qe1 Bd6 27.g3 Rc4 28.Nc1 Qb5 29.Ne2
Qd7 30.Nc3 Bf7 31.a3 b5 32.Qa1 a6 33.Ne2 Qc6 34.Qd1 Qc8 35.Nc1 Rc7 36.Nb3 Bxb3
37.Qxb3 Rc4 38.Qd1 Qc6 39.Kf2 h5 40.Ra2 Qd5 41.Rc2 Qc6 42.Ra2 h4 43.Kg2 hxg3
44.hxg3 Qc7 45.Be1 Rc1 46.Qd2 Qc4 47.Rb2 Ra1 48.Rc2 Qb3 49.Qc3 Qxc3 50.Bxc3
Rxa3 51.Bd2 Rb3 52.Rc6 Bxb4 53.Bxb4 Rxb4 54.Rxa6 Rb2+ 55.Kf1 Kh6 56.Ke1 Kg5
57.d5 Rb3 58.Kf2 Rd3 59.d6 b4 60.Rb6 b3 61.Ke2 Kh5 62.d7 Rxd7 63.Rxb3 Kg4
64.Rb6 g5 65.Rf6 Ra7 66.Kf2 Ra2+ 67.Kf1 Rh2 68.Rf7 Ra2 69.Rf6 Kf3 70.Rxf5+
Kxe3 71.Rxg5 Kf3 72.Rf5+ Kxg3 73.Ke1 Ra3 74.Rf8 Rf3 75.Rg8+ Kf4 76.Ke2 1/2-1/2

[Event "Haustmot TR A flokkur"]
[Site "Reykjavik Chess Club, Faxafen 12, 105 Reykjavik"]
[Date "2016.10.14"]
[Round "8.5"]
[White "Ragnarsson, Dagur"]
[Black "Sigurdsson, Birkir Karl"]
[Result "1-0"]
[WhiteElo "2272"]
[BlackElo "1900"]

1.d4 Nf6 2.Nf3 e6 3.c4 d5 4.Nc3 Be7 5.Bf4 O-O 6.e3 c5 7.dxc5 Na6 8.Be2 Nxc5
9.O-O dxc4 10.Ne5 Nd5 11.Bxc4 Nxc3 12.bxc3 Qa5 13.Qc2 Bf6 14.Rac1 Na4 15.Ng4
Be7 16.e4 b5 17.Bd3 Nc5 18.Be2 Bb7 19.f3 Rac8 20.Bd2 Qb6 21.Be3 Qa5 22.c4 Rfd8
23.Qb2 bxc4 24.Bxc4 Rb8 25.Qe5 Qb6 26.Qh5 Qc7 27.Bxe6 fxe6 28.Bxc5 Bxc5+
29.Qxc5 Qf4 30.Qe5 Qxe5 31.Nxe5 Ba6 32.Rfd1 Rxd1+ 33.Rxd1 h6 34.Rd7 Rb1+
35.Kf2 Rb2+ 36.Kg3 Rxa2 37.Rxa7 Bc4 38.Rxa2 Bxa2 39.h4 Kf8 40.Kf4 Ke7 41.Nc6+
Kf7 42.Ke5 Bc4 43.Nd4 Ba2 44.f4 g6 45.g4 Bc4 46.g5 h5 47.Nc6 Ba2 48.Kd6 Bb1
49.e5 Bc2 50.Nd8+ Kg7 51.Nxe6+ Kf7 52.Nd4 Ba4 53.e6+ 1-0

[Event "Haustmot TR"]
[Site "Reykjavik Chess Club, Faxafen 12, 105 Reykjavik"]
[Date "2016.10.12"]
[Round "7.1"]
[White "Fridthjofsdottir, Sigurl. Regi"]
[Black "Kristinsson, Magnus"]
[Result "1-0"]
[WhiteElo "1802"]
[BlackElo "1833"]

1.e4 e6 2.d3 b6 3.Nd2 Bb7 4.Ngf3 g6 5.g3 Bg7 6.Bg2 Nc6 7.O-O h5 8.c3 g5 9.Nc4
g4 10.Nfd2 Qg5 11.Nf3 Qe7 12.Nfd2 O-O-O 13.d4 d6 14.Re1 Nh6 15.d5 Ne5 16.Nxe5
Bxe5 17.Nc4 Bg7 18.a4 a5 19.Be3 Rdf8 20.Qb3 h4 21.Rad1 hxg3 22.fxg3 f5 23.dxe6
fxe4 24.Bxb6 d5 25.Nxa5 Ba8 26.Ba7 Qxe6 27.Bxe4 Be5 28.Bxd5 Bxd5 29.Qxd5 Qxd5
30.Rxd5 Bd6 31.Nc4 Nf7 32.Nxd6+ Nxd6 33.Bc5 Kd7 34.Bxd6 cxd6 35.Red1 Rf6 36.b4
Rhf8 37.c4 Rb8 38.b5 Ra8 39.c5 Rxa4 40.Rxd6+ Rxd6 41.Rxd6+ Kc7 42.Kf2 Ra2+
43.Ke3 Rxh2 44.Kf4 Rc2 45.Rc6+ Kd7 46.Kxg4 Rb2 47.Rd6+ Kc7 48.b6+ Kb7 49.Kg5
Re2 50.Rd5 Kc6 51.Rf5 Rh2 52.g4 Rg2 53.Kh5 Rh2+ 54.Kg6 Rg2 55.g5 Rd2 56.Kh6
Rh2+ 57.Kg7 Kd7 58.g6 Re2 59.Rf7+ Kc6 60.Rc7+ Kd5 61.c6 Kd6 62.Rc8 1-0

[Event "Haustmot TR"]
[Site "Reykjavik Chess Club, Faxafen 12, 105 Reykjavik"]
[Date "2016.10.12"]
[Round "7.2"]
[White "Hauksson, Hordur Aron"]
[Black "Mai, Aron Thor"]
[Result "1/2-1/2"]
[WhiteElo "1867"]
[BlackElo "1845"]

1.d4 Nf6 2.c4 g6 3.Nc3 Bg7 4.e4 d6 5.f3 O-O 6.Be3 c5 7.Nge2 Nc6 8.d5 Ne5 9.Ng3
h5 10.Be2 h4 11.Nf1 e6 12.f4 Neg4 13.Bxg4 Nxg4 14.Qxg4 exd5 15.f5 d4 16.Bd2
dxc3 17.Bxc3 Bxc3+ 18.bxc3 Qf6 19.Ne3 Qxc3+ 20.Kf2 Re8 21.Rad1 Qb2+ 22.Kf3 Qc3
23.Rhe1 b6 24.Kf2 h3 25.gxh3 Qe5 26.Ng2 Qxh2 27.Rd5 Bb7 28.fxg6 Bxd5 29.cxd5
Qe5 30.gxf7+ Kxf7 31.Nf4 Rg8 32.Qd7+ Qe7 33.Qf5+ Qf6 34.Qd7+ Qe7 35.Qf5+ Qf6
1/2-1/2

[Event "Haustmot TR"]
[Site "Reykjavik Chess Club, Faxafen 12, 105 Reykjavik"]
[Date "2016.10.12"]
[Round "7.3"]
[White "Magnusdottir, Veronika Steinun"]
[Black "Lemery, Jon Thor"]
[Result "1/2-1/2"]
[WhiteElo "1777"]
[BlackElo "1591"]

1.e4 e5 2.Nf3 Nc6 3.Bc4 Nf6 4.d3 Be7 5.O-O O-O 6.Re1 d6 7.c3 Bd7 8.a4 h6
9.Nbd2 Qc8 10.Bb3 Re8 11.Nf1 Bf8 12.Ng3 a5 13.Nh4 Bg4 14.Qc2 Ne7 15.d4 g5
16.dxe5 gxh4 17.exf6 hxg3 18.fxe7 gxh2+ 19.Kxh2 Rxe7 20.Qd3 Bg7 21.Bf4 Bh5
22.Qg3 Qg4 23.Qxg4 Bxg4 24.Bd5 Be5 25.Bxe5 Rxe5 26.f3 Bd7 27.Bb3 Rae8 28.Rad1
Bc6 29.Rh1 Rg5 30.Kg1 Kg7 31.Kf2 f5 32.exf5 Rxf5 33.Rd4 Ree5 34.Rdh4 h5
35.R1h2 Rc5 36.Bc2 Rfd5 37.Ke3 Re5+ 38.Kf2 Red5 39.g4 Rd2+ 40.Kg3 Rxh2 41.Rxh2
hxg4 42.fxg4 Be8 43.Rh7+ Kf6 44.Rh6+ Kg7 45.Re6 Bf7 46.Re3 Bg6 47.Bxg6 Kxg6
48.Kf4 Kf6 49.Re8 Rc4+ 50.Re4 Rc5 51.c4 b6 52.b3 d5 53.cxd5 Rxd5 54.Rc4 c5
55.Ke4 Rd1 56.Rc3 Kg5 57.Rd3 Rg1 58.Rd5+ Kxg4 59.Rd6 Re1+ 60.Kd5 Rd1+ 61.Kc6
Rd4 62.Kc7 Kf4 63.Rxb6 c4 64.bxc4 Rxc4+ 65.Kd6 Rxa4 66.Kc5 Ra1 67.Rb2 a4
68.Kb4 a3 69.Rc2 1/2-1/2

[Event "Haustmot TR"]
[Site "Reykjavik Chess Club, Faxafen 12, 105 Reykjavik"]
[Date "2016.10.12"]
[Round "7.4"]
[White "Mai, Alexander Oliver"]
[Black "Kristjansson, Halldor"]
[Result "1/2-1/2"]
[WhiteElo "1656"]
[BlackElo "1649"]

1.e4 e6 2.d4 d5 3.Nc3 c5 4.exd5 exd5 5.dxc5 d4 6.Ne4 Bxc5 7.Nxc5 Qa5+ 8.Qd2
Qxc5 9.b4 Qc3 10.Qxc3 dxc3 11.Bd3 Nc6 12.a3 Ne5 13.Ne2 Nxd3+ 14.cxd3 Bf5
15.Nxc3 Bxd3 16.Bb2 O-O-O 17.O-O-O 1/2-1/2

[Event "Haustmot TR"]
[Site "Reykjavik Chess Club, Faxafen 12, 105 Reykjavik"]
[Date "2016.10.12"]
[Round "7.5"]
[White "Luu, Robert"]
[Black "Briem, Stephan"]
[Result "0-1"]
[WhiteElo "1672"]
[BlackElo "1569"]

1.c4 e5 2.Nc3 Nc6 3.g3 f5 4.Bg2 Nf6 5.e3 d5 6.Qe2 Nb4 7.d4 e4 8.Kd1 Nd3 9.cxd5
Nxd5 10.a3 Be6 11.Qc2 c5 12.Nh3 cxd4 13.Qa4+ Qd7 14.Qxd7+ Kxd7 15.Nxd5 Bxd5
16.exd4 Re8 17.Ke2 Bd6 18.b4 Bc4 19.Kd1 h6 20.Bf1 Rc8 21.Bxd3 Bxd3 22.Ra2 g5
23.Be3 Rc4 24.Kd2 Rhc8 25.Rha1 Be7 26.f3 Rc2+ 27.Kd1 exf3 28.Nf2 Be2+ 29.Ke1
Bf6 30.Rxc2 Rxc2 31.Rc1 Rxc1+ 32.Bxc1 Bxd4 33.Nh3 Kc6 34.Kd2 Bc4 0-1

[Event "Haustmot TR"]
[Site "Reykjavik Chess Club, Faxafen 12, 105 Reykjavik"]
[Date "2016.10.14"]
[Round "8.1"]
[White "Kristinsson, Magnus"]
[Black "Briem, Stephan"]
[Result "0-1"]
[WhiteElo "1833"]
[BlackElo "1569"]

1.e4 d5 2.exd5 Qxd5 3.Nc3 Qd6 4.Bc4 Nf6 5.d3 c6 6.Nge2 Bg4 7.f3 Bh5 8.Bf4 Qd8
9.Qd2 e6 10.h4 Bg6 11.O-O-O a5 12.a3 b5 13.Bb3 b4 14.axb4 axb4 15.Nb1 Nbd7
16.g4 h5 17.Bg5 Qb6 18.Nf4 Nc5 19.Bc4 Nd5 20.Nxg6 fxg6 21.d4 Na6 22.Rhe1 Nac7
23.Qe2 Ra1 24.Bb3 Nc3 25.Qe5 Rxb1+ 26.Kd2 Rxd1+ 27.Rxd1 N3d5 28.Ra1 Kd7
29.Bxd5 cxd5 30.Ra4 Rg8 31.Ra1 Bd6 32.Qe3 Re8 33.Qd3 e5 34.Be3 e4 35.fxe4 Rxe4
36.gxh5 Bf4 {#R} 0-1

[Event "Haustmot TR"]
[Site "Reykjavik Chess Club, Faxafen 12, 105 Reykjavik"]
[Date "2016.10.14"]
[Round "8.3"]
[White "Lemery, Jon Thor"]
[Black "Mai, Alexander Oliver"]
[Result "1/2-1/2"]
[WhiteElo "1591"]
[BlackElo "1656"]

1.e4 e6 2.d4 d5 3.exd5 exd5 4.Nf3 Bd6 5.Bd3 Ne7 6.O-O Nbc6 7.c3 Bf5 8.Re1 Qd7
9.Qc2 O-O 10.Be3 Bxd3 11.Qxd3 Qf5 12.Qxf5 Nxf5 13.Nbd2 Rae8 14.Re2 Re7 15.Rae1
Rfe8 16.g3 Nxe3 17.Rxe3 Rxe3 18.Rxe3 Rxe3 19.fxe3 f5 20.Ng5 h6 21.Ne6 Kf7
22.Nf4 Bxf4 {#d} 1/2-1/2

[Event "Haustmot TR"]
[Site "Reykjavik Chess Club, Faxafen 12, 105 Reykjavik"]
[Date "2016.10.14"]
[Round "8.4"]
[White "Mai, Aron Thor"]
[Black "Magnusdottir, Veronika Steinun"]
[Result "1-0"]
[WhiteElo "1845"]
[BlackElo "1777"]

1.e4 c5 2.Nf3 e6 3.d3 Nc6 4.g3 Qc7 5.Bg2 Nf6 6.O-O Be7 7.Nbd2 O-O 8.Re1 d6
9.Nf1 b6 10.h4 Bb7 11.N1h2 d5 12.e5 Nd7 13.Bf4 Nd4 14.Ng5 Nf5 15.Qh5 h6 16.Nh3
g6 17.Qe2 d4 18.Be4 Kh7 19.Ng4 h5 20.Nf6+ Nxf6 21.exf6 Bd6 22.Bxd6 Nxd6
23.Qxh5+ Kg8 24.Qh6 Ne8 25.Bxb7 Qxb7 26.h5 Qd5 27.hxg6 fxg6 28.Qxg6+ Kh8
29.Re4 {#r} 1-0

[Event "Haustmot TR"]
[Site "Reykjavik Chess Club, Faxafen 12, 105 Reykjavik"]
[Date "2016.10.14"]
[Round "8.5"]
[White "Fridthjofsdottir, Sigurl. Regi"]
[Black "Hauksson, Hordur Aron"]
[Result "0-1"]
[WhiteElo "1802"]
[BlackElo "1867"]

1.e4 c5 2.Nc3 a6 3.g3 b5 4.Bg2 Bb7 5.d3 e6 6.Nf3 d6 7.O-O Nf6 8.Be3 Be7 9.Ne2
O-O 10.c3 Nbd7 11.Nd2 d5 12.Bg5 dxe4 13.dxe4 h6 14.Bxf6 Bxf6 15.Qc2 Qc7
16.Rad1 Rac8 17.c4 Rfd8 18.f4 Bd4+ 19.Kh1 bxc4 20.Nxc4 Nb6 21.b3 Nxc4 22.Qxc4
Qa5 23.a4 Be3 24.Rd3 Rxd3 25.Qxd3 Qd2 26.Rd1 Qxd3 27.Rxd3 Bf2 28.e5 Bxg2+
29.Kxg2 Be1 30.Nc3 c4 31.bxc4 Rxc4 32.Nd1 Rxa4 33.Ne3 a5 34.Rd8+ Kh7 35.Rd7
Kg6 36.Rd1 Bc3 37.Kf3 f6 38.exf6 Bxf6 39.Rd6 Kf7 40.Rd7+ Kg6 41.g4 Ra3 42.Ke4
Ra4+ 43.Kf3 Ra2 44.h3 a4 45.Ke4 Ra1 46.Ra7 Bb2 47.Ra6 Kf7 48.Ra7+ Kf6 49.Ra6
Kf7 50.Ra7+ Kg8 51.Ra6 a3 52.Nc2 Rc1 53.Kd3 Rh1 54.Rxe6 a2 55.Ra6 a1=Q 56.Nxa1
Rxa1 57.Rxa1 Bxa1 58.Ke4 Kf7 59.h4 Ke6 60.f5+ Kf6 61.Kf4 Be5+ 62.Ke4 Bg3
63.g5+ hxg5 64.hxg5+ Kxg5 65.Kf3 Be5 66.Ke4 Bb2 67.f6 gxf6 68.Kf3 Kf5 69.Ke3
Kg4 {#R} 0-1

[Event "Haustmot TR"]
[Site "Reykjavik Chess Club, Faxafen 12, 105 Reykjavik"]
[Date "2016.10.12"]
[Round "7.1"]
[White "Kristjansson, Halldor Atli"]
[Black "Ulfsson, Olafur Evert"]
[Result "0-1"]
[WhiteElo "1417"]
[BlackElo "1464"]

1.d4 d5 2.c4 e6 3.Nf3 c5 4.e3 Nc6 5.Nc3 Nf6 6.cxd5 exd5 7.dxc5 Bxc5 8.Bb5 O-O
9.O-O Bg4 10.h3 Bh5 11.Be2 Re8 12.Qb3 Qd7 13.Rd1 Rad8 14.Qb5 Bb4 15.Qd3 Qe7
16.a3 Ba5 17.b4 Bb6 18.Bb2 d4 19.exd4 Nxd4 20.Nxd4 Bxd4 21.Qc2 Bxe2 22.Nxe2
Bxb2 23.Qxb2 Rxd1+ 24.Rxd1 Qxe2 25.Qd4 h6 26.Rc1 a6 27.Qa7 Qd2 28.Rc5 Re1+
29.Kh2 Qf4+ {#R} 0-1

[Event "Haustmot TR"]
[Site "Reykjavik Chess Club, Faxafen 12, 105 Reykjavik"]
[Date "2016.10.12"]
[Round "7.2"]
[White "Vignisson, Ingvar Egill"]
[Black "Hakonarson, Sverrir"]
[Result "1/2-1/2"]
[WhiteElo "1554"]
[BlackElo "1338"]

1.e4 d5 2.exd5 Qxd5 3.Nc3 Qd6 4.d4 Nf6 5.Nf3 Bg4 6.h3 Bh5 7.Be3 c6 8.Be2 e6
9.Qd2 Qc7 10.Ne5 Bxe2 11.Qxe2 Bb4 12.Bd2 Nbd7 13.O-O-O Nxe5 14.dxe5 Nd5
15.Nxd5 Bxd2+ 16.Rxd2 cxd5 17.Qb5+ Qd7 18.Qxd7+ Kxd7 19.Re1 Rac8 20.Re4 Ke7
21.Rb4 Rc7 22.Rdd4 Rhc8 23.c3 b6 24.f4 Rc4 25.Kd2 Kd7 26.Kd3 Rxb4 27.Rxb4 Rc5
28.Rd4 b5 29.b3 a5 30.g4 Rc8 31.f5 h6 32.c4 bxc4+ 33.bxc4 Rxc4 34.Rxc4 dxc4+
35.Kxc4 Kc6 36.a4 g5 {#d} 1/2-1/2

[Event "Haustmot TR"]
[Site "Reykjavik Chess Club, Faxafen 12, 105 Reykjavik"]
[Date "2016.10.12"]
[Round "7.3"]
[White "Briem, Hedinn"]
[Black "Briem, Benedikt"]
[Result "1/2-1/2"]
[WhiteElo "1563"]
[BlackElo "1093"]

1.d4 Nf6 2.Bg5 d5 3.Nf3 c6 4.e3 e6 5.Nbd2 Nbd7 6.Bd3 Be7 7.c3 O-O 8.O-O c5
9.Re1 b6 10.Ne5 Bb7 11.f4 Ne4 12.Bxe7 Qxe7 13.Rf1 f5 14.Nxd7 Qxd7 15.Nxe4 fxe4
16.Be2 Qe7 17.Qe1 a5 18.a4 Ba6 19.Bxa6 Rxa6 20.Qe2 Raa8 21.Qb5 Qc7 22.Rfc1 c4
23.b3 cxb3 24.Qxb3 Rfc8 25.Kf2 Rab8 26.Ke2 Qc4+ 27.Qxc4 Rxc4 28.Kd2 Kf7
29.Rcb1 Ke7 30.Ra3 Kd6 31.Kc2 Kc7 32.g4 g6 33.g5 Kb7 34.Kd2 Ka6 35.h4 Rh8
36.h5 Rc6 37.Rh1 Rcc8 38.Raa1 Rhg8 39.Rh2 Rc4 40.hxg6 hxg6 41.Rh6 Rc7 42.Kc2
Rf7 43.Kb3 Rc7 44.Rc1 b5 45.axb5+ Kxb5 46.Kc2 Ka6 47.Ra1 Rb7 48.Rb1 Rc7 49.Ra1
Rb7 50.Ra2 Rc7 51.Rh1 Rb8 52.Rb2 Rbc8 53.Rb3 a4 54.Ra3 Ka5 55.Rh6 Rg8 56.Kd2
Kb5 57.Rh1 Ka5 58.Rh6 Rb7 59.Kc2 Rc7 60.Rh1 {#d} 1/2-1/2

[Event "Haustmot TR"]
[Site "Reykjavik Chess Club, Faxafen 12, 105 Reykjavik"]
[Date "2016.10.12"]
[Round "7.4"]
[White "Davidsson, Stefan Orri"]
[Black "Jonasson, Hordur"]
[Result "0-1"]
[WhiteElo "1386"]
[BlackElo "1532"]

1.e4 e6 2.d4 d5 3.Nd2 Nf6 4.e5 Nfd7 5.Bd3 c5 6.c3 Nc6 7.Ne2 cxd4 8.cxd4 Qb6
9.Nf3 f6 10.exf6 Nxf6 11.O-O Bd6 12.b3 Bd7 13.Bb2 O-O-O 14.Rc1 Kb8 15.Qd2 h6
16.Ne5 Rhf8 17.Bg6 Bxe5 18.dxe5 Ng4 19.Nf4 Ngxe5 20.Rfe1 Nxg6 21.Nxg6 Rf5
22.Ne5 Ka8 23.Nxd7 Rxd7 24.Rxe6 Rf8 25.Rce1 a6 26.Re8+ Rxe8 27.Rxe8+ Ka7
28.Rg8 Qc7 29.Qe3+ d4 30.Qd2 Qe5 31.Rf8 Qe4 32.h3 d3 33.Kf1 Re7 34.Rf3 Rd7
35.Re3 Qd5 36.Bc3 b6 37.Rg3 g5 38.Re3 a5 39.Kg1 Nb4 40.Bxb4 axb4 41.Kf1 Qd4
42.g3 Qc3 43.Ke1 Qa1+ 44.Qd1 d2+ 45.Ke2 Qxa2 46.Rd3 Re7+ 47.Re3 Rd7 48.Rd3
Rxd3 49.Kxd3 Qb2 50.Ke2 Qc3 51.Qxd2 Qxb3 52.Qd7+ Ka6 53.Qc8+ Ka5 54.Qa8+ Kb5
55.Qe8+ Kc5 56.Qf8+ Kc4 57.Qxh6 Qc2+ 58.Ke1 Qe4+ 59.Kd2 b3 60.Qxb6 Qc2+ 61.Ke1
b2 62.Qc6+ Kb3 63.Qb5+ Ka3 64.Qa5+ Qa4 65.Qxa4+ Kxa4 66.Ke2 b1=Q 67.Kf3 Qf5+
68.Kg2 Kb4 69.g4 Qf4 70.f3 Kc4 71.Kf2 Kd3 72.Kg2 Ke2 73.Kg1 Qg3+ 74.Kh1 Kf2
75.h4 Qg2# {#R} 0-1

[Event "Haustmot TR"]
[Site "Reykjavik Chess Club, Faxafen 12, 105 Reykjavik"]
[Date "2016.10.12"]
[Round "7.5"]
[White "Baldursson, Atli Mar"]
[Black "Sigurvaldason, Hjalmar"]
[Result "0-1"]
[WhiteElo "1167"]
[BlackElo "1485"]

1.d4 d5 2.c4 Nc6 3.e3 e6 4.Nc3 Nf6 5.cxd5 exd5 6.Nge2 a6 7.g3 Bd6 8.Bg2 Ne7
9.O-O O-O 10.e4 dxe4 11.Nxe4 Nxe4 12.Bxe4 c6 13.Qc2 h6 14.Be3 Nd5 15.a3 Be6
16.Bd2 Nf6 17.Bd3 Qd7 18.f4 Rfc8 19.f5 Bd5 20.Nf4 c5 21.Nxd5 Nxd5 22.Qd1 cxd4
23.Qg4 Nf6 24.Qh4 Be7 25.Kg2 Nd5 26.Qe4 Bf6 27.Rae1 Re8 28.Qf3 Rxe1 29.Rxe1
Ne3+ 30.Bxe3 dxe3 31.Rxe3 Bxb2 32.Be4 Re8 33.Rb3 Qd2+ 34.Kh3 b5 35.Bb7 Re2
36.Qh1 Bc3 37.Bxa6 Rf2 38.Bxb5 Qg5 39.Qe4 Bf6 {#R} 0-1

[Event "Haustmot TR"]
[Site "Reykjavik Chess Club, Faxafen 12, 105 Reykjavik"]
[Date "2016.10.12"]
[Round "7.6"]
[White "Gudmundsson, Gunnar Erik"]
[Black "Moller, Tomas"]
[Result "1/2-1/2"]
[WhiteElo "1082"]
[BlackElo "1028"]

1.d4 f5 2.Bg5 h6 3.Bh4 g5 4.Bg3 f4 5.e3 h5 6.Be2 Nf6 7.exf4 gxf4 8.Bxf4 d5
9.Be5 Nbd7 10.Bxh5+ Rxh5 11.Bxf6 Nxf6 12.f3 Qd6 13.g3 e5 14.c3 Be6 15.g4 Rh7
16.h4 O-O-O 17.g5 Nh5 18.Qc2 Rg7 19.Qh2 exd4 20.Qxd6 Rxd6 21.cxd4 Ra6 22.Nc3
c5 23.Nge2 Rf7 24.Rf1 Nf4 25.Kd2 Nxe2 26.Nxe2 Rb6 27.Kc3 c4 28.a3 Rb3+ 29.Kc2
Rbxf3 30.Rxf3 Rxf3 31.Re1 Bf7 32.Kd2 Rd3+ 33.Kc1 Rh3 34.Rf1 Bh5 35.Rxf8+ Kc7
36.Rf2 Rxh4 37.Ng3 Bg6 38.Rf6 Rg4 39.Rxg6 Rxg3 40.Rg7+ Kc8 {#d} 1/2-1/2